000 00517nam a2200181Ia 4500
005 20250508161950.0
008 008 250505s9999 xx 000 0 eng d
037 _aTextual
040 _aFEDL
_beng
_cFEDL
041 _aeng
_2eng
084 _a901.954, JAF
_qFEDL
100 _aJaffar S M
245 0 _aSome cultural aspects of muslim rule in India
260 _aDelhi, India
_bIdarah-I Adabiyat-I Delli
_c1972
300 _axi,252p
942 _cTEXL
_h901.954, JAF
999 _c1373540
_d1373540